000 00833cam a2200241 a 4500
001 000008428
005 20200929161336.0
008 930121s1990 cu a 000 f spa
035 _a(DLC) 93106011
040 _aDO-SdBNP
_cDLC
_dDLC
_dBNPHU
082 _aCu863.44
_bR6962ú
100 1 _aRodríguez Cruz, Juan Carlos,
_d1943-
_922706
245 1 3 _aEl último retorno /
_cJuan Carlos Rodríguez Cruz ; edición, Olga Marta Pérez.
260 _aCiudad de La Habana, Cuba :
_bCapitan San Luis,
_c1990.
300 _a243 p. :
_bil. ;
_c18 cm.
490 1 _aAniversario de la Revolución
_v1988
650 4 _aNovela cubana
_92316
650 4 _aLiteratura cubana
_91483
700 1 _aPérez, Olga Marta
_eed.
_922707
830 0 _aAniversario de la Revolución ;
_v1988
_922708
910 _aCatalogación por copia / LC
049 _aBNGR
999 _c8199
_d8199